000 00668nam a2200217Ii 4500
003 JO-AjNU
008 230605s9999||||xx |||||||||||||| ||und||
020 _a2-7451-0807-7
040 _aJO-AjNU
_bara
_erda
_cJO-AjNU
041 _aara
050 1 4 _aPJ7701 2002
100 3 _aشرحه وضبطه وقدم له فاعور،علي,
_eauthor
_911598
245 0 0 _aديوان أبي نواس
250 _aط3
264 3 1 _aبيروت:دار الكتب العلمية،2002
300 _a612ص
336 _atext
_btxt
_2rdacontent
337 _aunmediated
_bn
_2rdamedia
338 _avolume
_bnc
_2rdacarrier
650 4 _a شعر عربي - عصر عباسي
_911599
999 _aA2407
_c5975
_d5975